Hướng dẫn học Access 2 bằng ví dụ

Sách giúp đọc giả co thể tự viết các hàm nhằm đạt được những kỹ năng lập trình hiệu quả, thiết kế thanh trình đơn - Trình đơn bật lên. Tạo phương thức và thủ tục - Xây dựng và bảo trì các thư viện CSDL. Tìm lỗi và kiểm tra chương trì...

Полное описание

Сохранить в:
Библиографические подробности
Главный автор: Ngô, Quốc Việt
Формат:
Язык:Undetermined
Опубликовано: Hà Nội Giáo dục 1996
Предметы:
Метки: Добавить метку
Нет меток, Требуется 1-ая метка записи!
Thư viện lưu trữ: Trung tâm Học liệu Trường Đại học Cần Thơ
LEADER 01032nam a2200193Ia 4500
001 CTU_149050
008 210402s9999 xx 000 0 und d
082 |a 005.7565 
082 |b V308 
100 |a Ngô, Quốc Việt 
245 0 |a Hướng dẫn học Access 2 bằng ví dụ 
245 0 |c Ngô Quốc Việt, Nguyễn Tiến, Phạm Nguyễn Tuấn Kỳ 
260 |a Hà Nội 
260 |b Giáo dục 
260 |c 1996 
520 |a Sách giúp đọc giả co thể tự viết các hàm nhằm đạt được những kỹ năng lập trình hiệu quả, thiết kế thanh trình đơn - Trình đơn bật lên. Tạo phương thức và thủ tục - Xây dựng và bảo trì các thư viện CSDL. Tìm lỗi và kiểm tra chương trình - Liên kết với áp dụng khác thông qua OLE và DDE... 
650 |a Microsoft Access 
904 |i Giang 
980 |a Trung tâm Học liệu Trường Đại học Cần Thơ